000 00611 a2200193 4500
005 20250220142413.0
010 _aENG-143048
020 _a9788188965212
_c650.00
035 _aEN-126580
037 _bDBAD
037 _bDBAD
082 _a954.91
_21
100 _aSaigol, Rubina
_978273
245 _aThe Pakistan Project:
_bA Feminist Perspective on Nation and Identity/
_cby Rubina Saigol
260 _aNew Delhi
_bWomen Unlimited
_c2013
270 _aK-36, Hauz Khas Enclave, Ground Floor,
_bNew Delhi
_e110 016
300 _axiii,357p.
_c22cm(pb)
942 _adpl
_cEN
_2ddc
_h954.91
_mSAI
999 _c209586
_d209586